Selling : (Record no. 344383)
[ view plain ]
| 000 -LEADER | |
|---|---|
| fixed length control field | 01334 a2200217 4500 |
| 020 ## - INTERNATIONAL STANDARD BOOK NUMBER | |
| International Standard Book Number | 0712108548 |
| 020 ## - INTERNATIONAL STANDARD BOOK NUMBER | |
| International Standard Book Number | 9780712108546 |
| 090 ## - LOCALLY ASSIGNED LC-TYPE CALL NUMBER (OCLC); LOCAL CALL NUMBER (RLIN) | |
| -- | 1872 |
| -- | 1872 |
| 100 1# - MAIN ENTRY--PERSONAL NAME | |
| Personal name | Allen, Peter. |
| 245 10 - TITLE STATEMENT | |
| Title | Selling : |
| Remainder of title | management and practice / |
| Statement of responsibility, etc. | Peter Allen. |
| 250 ## - EDITION STATEMENT | |
| Edition statement | 4th ed. |
| 260 ## - PUBLICATION, DISTRIBUTION, ETC. | |
| Place of publication, distribution, etc. | [S.l.] : |
| Name of publisher, distributor, etc. | Trans-Atlantic Publications, |
| Date of publication, distribution, etc. | 1993. |
| 300 ## - PHYSICAL DESCRIPTION | |
| Extent | 320 p. ; |
| Dimensions | 22 cm. |
| 490 1# - SERIES STATEMENT | |
| Series statement | M & E handbook series. |
| 500 ## - GENERAL NOTE | |
| General note | Paperback. |
| 520 ## - SUMMARY, ETC. | |
| Summary, etc. | This revised text recognizes selling as the cutting edge of business. It has been rewritten and contains more examples and case studies. Emphasis is placed on pro-active selling, customer creation, understanding the buyer, the need for product knowledge, selling techniques and communications. This is combined towards the end of the book with the traditional sales management functions of forecasting, planning, organization, training and appraisal. It is suitable for students taking BTec HNC/D Business and Finance, DMS, BA Business Studies, A-Level Business Studies, IoM, IoEX and CAM courses, as well as sales professionals. |
| 830 #0 - SERIES ADDED ENTRY--UNIFORM TITLE | |
| Uniform title | M & E handbook series. |
| 856 40 - ELECTRONIC LOCATION AND ACCESS | |
| Materials specified | Amazon.com |
| Uniform Resource Identifier | <a href="http://www.amazon.com/exec/obidos/ASIN/0712108548/chopaconline-20">http://www.amazon.com/exec/obidos/ASIN/0712108548/chopaconline-20</a> |
| 856 40 - ELECTRONIC LOCATION AND ACCESS | |
| Materials specified | Amazon customer reviews |
| Uniform Resource Identifier | <a href="http://www.chopac.org/cgi-bin/tools/azrev.pl?q=0712108548">http://www.chopac.org/cgi-bin/tools/azrev.pl?q=0712108548</a> |
| 942 ## - ADDED ENTRY ELEMENTS (KOHA) | |
| Institution code [OBSOLETE] | NBS |
| Koha item type | Book |
| Call number prefix | 650 ALE |
| Withdrawn status | Lost status | Damaged status | Not for loan | Permanent Location | Current Location | Date acquired | Total Checkouts | Full call number | Barcode | Date last seen | Price effective from | Koha item type |
|---|---|---|---|---|---|---|---|---|---|---|---|---|
| Central Library (CL) | Central Library (CL) | 08/28/2013 | 650 ALE | NBS1953 | 08/28/2013 | 08/28/2013 | Book |
